| 000 | 01175nam a2200277Ia 4500 | ||
|---|---|---|---|
| 003 | OSt | ||
| 005 | 20200819153545.0 | ||
| 008 | 191128s2011 ck ad gr 000 0 spa d | ||
| 020 | _a9789589934852 | ||
| 040 |
_aCo-JMCR _cCo-JMCR |
||
| 041 | 0 | _aspa | |
| 082 | 0 | 4 |
_a368.4 / _bA185e _223 |
| 100 | 1 |
_aAcosta, Paula _eautor _98914 |
|
| 245 | 1 | 0 |
_aEfectos de la Ley 100 en salud propuestas de reforma / _cPaula Acosta, Fabían García, Jose Luis González |
| 250 | _aPrimera edición | ||
| 260 |
_aBogotá : _bFedesarrollo, _c2011. |
||
| 300 |
_a539 Páginas : _bgraficas ; _c24 cm. |
||
| 505 | 0 | _aPresentación -- Un diagnostico general del sector salud en colombia: Evolución, contexto y principales retos en un sistema de transformación -- Evaluación del impacto de la reforma de 1993 al sistema genral de seguridad social en salud | |
| 650 | 2 | 4 |
_aSistema general de seguridad social en salud _zColombia _97812 |
| 650 | 2 | 4 |
_aRégimen subsidiado en salud _zColombia _98915 |
| 650 | 2 | 4 |
_aPolítica de salud _zColombia _98916 |
| 650 | 2 | 4 |
_aSeguridad social _zColombia _97785 |
| 700 | 1 |
_aFabían García, _98917 |
|
| 700 | 1 |
_aGonzález, Jose Luis, _98918 |
|
| 942 |
_2ddc _cBK |
||
| 999 |
_c3673 _d3673 |
||